[Event "16th Unive op"]
[Site "Hoogeveen NED"]
[Date "2012.10.26"]
[Round "8.1"]
[White "Riemersma, Liafbern"]
[Black "Nijboer, Friso"]
[Result "0-1"]
[WhiteElo "2420"]
[BlackElo "2525"]
[EventDate "2012.10.19"]
[PlyCount "66"]

1.d4 f5 2.g3 Nf6 3.Bg2 g6 4.Nf3 Bg7 5.O-O O-O 6.c4 d6 7.Nc3 c6 8.d5 e5 9.
dxe6 Bxe6 10.b3 Na6 11.Ng5 Bc8 12.Bb2 Qe7 13.Qd2 h6 14.Nh3 Be6 15.Rfe1 Ne4
16.Nxe4 Bxb2 17.Qxb2 fxe4 18.Qd4 Bf5 19.f4 e3 20.Kh1 Nb4 21.Rac1 Nc2 22.
Rxc2 Bxc2 23.Ng1 Rae8 24.c5 d5 25.Nf3 g5 26.Ne5 Qf6 27.Rf1 Be4 28.Rg1 
Bxg2+ 29.Rxg2 Rxe5 30.Qxe5 Qxe5 31.fxe5 Rf1+ 32.Rg1 Rxg1+ 33.Kxg1 Kf7 0-1

[Event "16th Unive op"]
[Site "Hoogeveen NED"]
[Date "2012.10.26"]
[Round "8.2"]
[White "Timman, Jan H"]
[Black "Willemze, Thomas"]
[Result "1-0"]
[WhiteElo "2578"]
[BlackElo "2377"]
[EventDate "2012.10.19"]
[PlyCount "49"]

1.d4 Nf6 2.c4 e6 3.Nf3 d5 4.Nc3 Bb4 5.cxd5 exd5 6.Bg5 O-O 7.Qb3 Nc6 8.e3 
Be6 9.a3 Bxc3+ 10.bxc3 b6 11.Ba6 h6 12.Bh4 g5 13.Bg3 Ne4 14.Qc2 Bf5 15.Bd3
Qf6 16.c4 Rfe8 17.Be5 Nxe5 18.dxe5 Rxe5 19.Nxe5 Qxe5 20.Rc1 dxc4 21.Qxc4 
Qa5+ 22.Qb4 Nxf2 23.Bxf5 Qxb4+ 24.axb4 Nxh1 25.Ke2 1-0

[Event "16th Unive op"]
[Site "Hoogeveen NED"]
[Date "2012.10.26"]
[Round "8.4"]
[White "Grandelius, Nils"]
[Black "Ernst, Sipke"]
[Result "0-1"]
[WhiteElo "2593"]
[BlackElo "2554"]
[EventDate "2012.10.19"]
[PlyCount "100"]

1.e4 e5 2.Nf3 Nc6 3.Bb5 a6 4.Ba4 Nf6 5.O-O Be7 6.d3 b5 7.Bb3 d6 8.a4 Bg4 
9.c3 O-O 10.Re1 Na5 11.Bc2 b4 12.Nbd2 Rb8 13.h3 Bh5 14.Nf1 b3 15.Bb1 c5 
16.g4 Bg6 17.Ng3 Qc7 18.Kg2 Rfd8 19.h4 d5 20.Qe2 c4 21.h5 cxd3 22.Bxd3 
dxe4 23.Nxe4 Bxe4 24.Bxe4 Nxe4 25.Qxe4 f6 26.Be3 Qc4 27.Nd2 Qxe4+ 28.Nxe4 
Nc4 29.Bc5 Kf7 30.Re2 Rd5 31.Bxe7 Kxe7 32.Ng3 Rbd8 33.Re4 Rc5 34.Re2 Rcd5 
35.Re4 Rc8 36.Re2 Kf7 37.Nf5 Rd3 38.a5 Rc5 39.Ra4 Nxa5 40.Re1 g6 41.hxg6+ 
hxg6 42.Ne3 Rd2 43.Rea1 Rxb2 44.Rxa5 Rxa5 45.Rxa5 Rxf2+ 46.Kxf2 b2 47.Rxa6
b1=Q 48.Ra7+ Kf8 49.Ra8+ Kg7 50.g5 f5 0-1

[Event "16th Unive op"]
[Site "Hoogeveen NED"]
[Date "2012.10.26"]
[Round "8.6"]
[White "Hendriks, Willy"]
[Black "De Jong, Migchiel"]
[Result "1/2-1/2"]
[WhiteElo "2437"]
[BlackElo "2369"]
[EventDate "2012.10.19"]
[PlyCount "48"]

1.e4 c5 2.Nf3 e6 3.c3 d5 4.e5 d4 5.g3 Nc6 6.Bg2 g5 7.h3 Bg7 8.d3 h6 9.O-O 
Nge7 10.cxd4 Nxd4 11.Nxd4 Qxd4 12.Na3 Qxe5 13.Bd2 Nf5 14.Bc3 Nd4 15.Re1 
Qc7 16.Rc1 Bd7 17.Nc2 Qb6 18.Qh5 Rc8 19.Ne3 Kf8 20.Nc4 Qc7 21.Bxb7 Bc6 22.
Bxc6 Qxc6 23.Bxd4 Bxd4 24.Re4 Qd5 1/2-1/2

[Event "16th Unive op"]
[Site "Hoogeveen NED"]
[Date "2012.10.26"]
[Round "8.7"]
[White "Wiersma, Eelke"]
[Black "Kasparov, Sergey"]
[Result "0-1"]
[WhiteElo "2367"]
[BlackElo "2476"]
[EventDate "2012.10.19"]
[PlyCount "56"]

1.d4 d5 2.c4 c6 3.Nf3 Nf6 4.Nc3 a6 5.e3 b5 6.b3 Bf5 7.Ne5 h6 8.g4 Bh7 9.
Bg2 e6 10.O-O Bd6 11.Bb2 O-O 12.Rc1 Ra7 13.Qe2 Re8 14.Rfd1 Qe7 15.h3 Rd8 
16.a4 b4 17.Na2 a5 18.cxd5 cxd5 19.Qb5 Ne8 20.Bf1 h5 21.Kg2 hxg4 22.hxg4 
f6 23.Nc6 Nxc6 24.Rxc6 f5 25.Be2 fxg4 26.Bxg4 Qg5 27.f3 Bf5 28.Qe2 Nf6 0-1

[Event "16th Unive op"]
[Site "Hoogeveen NED"]
[Date "2012.10.26"]
[Round "8.8"]
[White "Guramishvili, Sopiko"]
[Black "De Ruiter, Danny"]
[Result "1-0"]
[WhiteElo "2418"]
[BlackElo "2182"]
[EventDate "2012.10.19"]
[PlyCount "57"]

1.c4 Nf6 2.Nc3 d5 3.cxd5 Nxd5 4.g3 g6 5.Bg2 Nb6 6.Nf3 Bg7 7.h4 h6 8.d3 
N8d7 9.d4 c5 10.dxc5 Nxc5 11.Qxd8+ Kxd8 12.O-O Bd7 13.Rd1 Ke8 14.Nd4 Rd8 
15.Ndb5 Bxb5 16.Rxd8+ Kxd8 17.Nxb5 a6 18.Be3 axb5 19.Bxc5 Na4 20.Rd1+ Kc8 
21.Bxe7 Re8 22.Rc1+ Kd7 23.Bb4 Rxe2 24.b3 Nb6 25.Ba5 Re6 26.Bxb7 Bd4 27.
Rd1 Rd6 28.Rxd4 Rxd4 29.Bxb6 1-0

[Event "16th Unive op"]
[Site "Hoogeveen NED"]
[Date "2012.10.26"]
[Round "8.9"]
[White "Van Delft, Merijn"]
[Black "Schoorl, Rob"]
[Result "1/2-1/2"]
[WhiteElo "2395"]
[BlackElo "2363"]
[EventDate "2012.10.19"]
[PlyCount "49"]

1.e4 e6 2.d4 d5 3.Nc3 Nf6 4.e5 Nfd7 5.f4 c5 6.Nf3 Nc6 7.Be3 Be7 8.Qd2 O-O 
9.dxc5 Nxc5 10.O-O-O a6 11.Nd4 Bd7 12.Kb1 b5 13.Nxc6 Bxc6 14.Bd4 b4 15.Ne2
a5 16.Qe3 Ne4 17.Ng3 a4 18.Bd3 b3 19.f5 Bg5 20.Qe2 bxa2+ 21.Ka1 a3 22.b3 
Qa5 23.Nxe4 dxe4 24.Kxa2 Rad8 25.c3 1/2-1/2

[Event "16th Unive op"]
[Site "Hoogeveen NED"]
[Date "2012.10.26"]
[Round "8.10"]
[White "Kerigan, Demre"]
[Black "Okkes, Menno"]
[Result "0-1"]
[WhiteElo "2238"]
[BlackElo "2368"]
[EventDate "2012.10.19"]
[PlyCount "146"]

1.e4 e5 2.Nf3 Nc6 3.Bb5 a6 4.Bxc6 dxc6 5.O-O Bg4 6.h3 h5 7.d3 Qf6 8.Be3 
Bxf3 9.Qxf3 Qxf3 10.gxf3 Bd6 11.Nd2 Ne7 12.Rfb1 a5 13.Kf1 c5 14.Nc4 f5 15.
Ke2 f4 16.Bd2 Nc6 17.Rg1 Kf7 18.c3 Be7 19.Na3 Rhd8 20.Nb5 Rd7 21.d4 cxd4 
22.cxd4 Nxd4+ 23.Nxd4 exd4 24.Bxf4 d3+ 25.Kd1 Ra6 26.Rc1 Rf6 27.Be5 Rxf3 
28.Rxg7+ Ke6 29.Rxc7 Rxc7 30.Bxc7 Rxf2 31.Bxa5 Rxb2 32.Rg6+ Kf7 33.Rg3 
Rxa2 34.Bc3 Ra4 35.e5 Ke6 36.Rxd3 Ra2 37.Bd2 Ra3 38.Rxa3 Bxa3 39.Bc3 Bf8 
40.Ke2 Bg7 41.Ke3 Bxe5 42.Be1 Kd5 43.Kd3 Bf4 44.Bc3 Be5 45.Be1 Bd4 46.Ba5 
Bc5 47.Bc3 Be7 48.Bd4 Bd6 49.Bc3 Kc5 50.Bd4+ Kb4 51.Bc3+ Kb3 52.Bd2 Be5 
53.Ba5 Bg7 54.Be1 Bh6 55.Ba5 Kb2 56.Bb6 Kc1 57.Ke4 Kd2 58.Kf5 Be3 59.Ba5+ 
Kd3 60.Kg6 h4 61.Kh5 Bf2 62.Kg4 b5 63.Bb4 Kc4 64.Bd2 Bd4 65.Kxh4 Bc3 66.
Bg5 b4 67.Kg4 b3 68.Bc1 Kd3 69.h4 Kc2 70.Ba3 Bb4 71.Bxb4 b2 72.h5 b1=Q 73.
Be7 Kc3 0-1

[Event "16th Unive op"]
[Site "Hoogeveen NED"]
[Date "2012.10.26"]
[Round "8.11"]
[White "Hopman, Pieter"]
[Black "Van Foreest, Jorden"]
[Result "0-1"]
[WhiteElo "2344"]
[BlackElo "2225"]
[EventDate "2012.10.19"]
[PlyCount "204"]

1.d4 Nf6 2.Nf3 g6 3.Nbd2 d5 4.e3 Bg7 5.Bd3 O-O 6.O-O c5 7.Ne5 Nc6 8.Ndf3 
Nd7 9.Nxc6 bxc6 10.c3 e5 11.dxe5 Nxe5 12.Nxe5 Bxe5 13.f4 Bg7 14.e4 dxe4 
15.Bxe4 Ba6 16.Re1 Qxd1 17.Rxd1 Rad8 18.Bf3 Rxd1+ 19.Bxd1 Bc4 20.Be3 Rb8 
21.Bb3 Bxb3 22.axb3 Rxb3 23.Rxa7 f5 24.Ra2 c4 25.Kf2 Rb7 26.Bc1 Re7 27.Ra4
Re4 28.Be3 Bf8 29.g3 Kf7 30.Ra7+ Re7 31.Ra6 Re6 32.Ra4 Re4 33.Bd4 Be7 34.
Ra6 Re6 35.Be5 c5 36.Ra2 Rb6 37.Ke3 Ke6 38.h3 h5 39.Kf3 g5 40.Ke3 g4 41.h4
Bd6 42.Bg7 Kd5 43.Bh8 Rb8 44.Bf6 Re8+ 45.Kf2 Re6 46.Bg5 Bb8 47.Ra1 Rb6 48.
Rd1+ Kc6 49.Rd2 Ra6 50.Bf6 Bd6 51.Ke3 Ra1 52.Be5 Be7 53.Kf2 Rb1 54.Bg7 Ra1
55.Re2 Ra7 56.Re6+ Kb5 57.Bh8 Bd8 58.Rd6 Bb6 59.Rh6 Ra2 60.Rxh5 Rxb2+ 61.
Ke3 Ba5 62.Rxf5 Rg2 63.Be5 Rxg3+ 64.Kd2 Rg2+ 65.Ke1 Bb6 66.h5 Rh2 67.Bg7 
Ka4 68.h6 Kb3 69.Kf1 g3 70.Rg5 Bc7 71.Rg4 Kc2 72.Kg1 Kd2 73.Rxg3 Rh4 74.
Rg2+ Ke3 75.f5 Bf4 76.Bf8 Ke4 77.Bxc5 Rxh6 78.Re2+ Kxf5 79.Bd4 Kg4 80.Re8 
Kf3 81.Rf8 Rg6+ 82.Kf1 Ra6 83.Re8 Ra2 84.Re7 Rc2 85.Re8 Bd2 86.Rf8+ Ke4 
87.Rh8 Bxc3 88.Bxc3 Rxc3 89.Ke2 Rd3 90.Rh4+ Kd5 91.Rh8 Kd4 92.Rd8+ Kc3 93.
Rc8 Rd7 94.Ke1 Kb3 95.Ke2 c3 96.Ke3 c2 97.Rb8+ Ka2 98.Rc8 Kb2 99.Rb8+ Kc1 
100.Ke2 Re7+ 101.Kf2 Re5 102.Rd8 Rb5 0-1

[Event "16th Unive op"]
[Site "Hoogeveen NED"]
[Date "2012.10.26"]
[Round "8.12"]
[White "Bezemer, Arno J"]
[Black "Clemens, Adrian HP"]
[Result "1/2-1/2"]
[WhiteElo "2329"]
[BlackElo "2213"]
[EventDate "2012.10.19"]
[PlyCount "21"]

1.e4 c6 2.d4 d5 3.exd5 cxd5 4.c4 Nf6 5.Nc3 Nc6 6.Bf4 g6 7.c5 Bg7 8.Bb5 O-O
9.Nf3 Bg4 10.Bxc6 bxc6 11.Be5 1/2-1/2

[Event "16th Unive op"]
[Site "Hoogeveen NED"]
[Date "2012.10.26"]
[Round "8.13"]
[White "Donker, Roel"]
[Black "Afek, Yochanan"]
[Result "0-1"]
[WhiteElo "2228"]
[BlackElo "2312"]
[EventDate "2012.10.19"]
[PlyCount "58"]

1.d4 Nf6 2.c4 c5 3.d5 b5 4.cxb5 a6 5.bxa6 g6 6.Nc3 Bxa6 7.g3 d6 8.Bg2 Bg7 
9.Nf3 O-O 10.O-O Nbd7 11.Qc2 Qa5 12.Rd1 Rfb8 13.Bd2 Qc7 14.b3 Qb7 15.Rab1 
Ra7 16.e4 Ng4 17.h3 Nge5 18.Ne1 Nb6 19.f4 Ned7 20.Be3 Na8 21.a3 Qc7 22.a4 
Rab7 23.Na2 Nab6 24.Rdc1 Nxa4 25.bxa4 Rb2 26.Rxb2 Rxb2 27.Qd1 Be2 28.Qc2 
Rxc2 29.Rxc2 Bd1 0-1

[Event "16th Unive op"]
[Site "Hoogeveen NED"]
[Date "2012.10.26"]
[Round "8.14"]
[White "Ben Artzi, Ido"]
[Black "Bosboom, Manuel"]
[Result "0-1"]
[WhiteElo "2286"]
[BlackElo "2402"]
[EventDate "2012.10.19"]
[PlyCount "78"]

1.d4 Nf6 2.c4 g6 3.Nc3 Bg7 4.e4 d6 5.f3 a6 6.Be3 c6 7.Qd2 b5 8.Bd3 Nbd7 9.
Nge2 bxc4 10.Bxc4 O-O 11.Bb3 a5 12.O-O Ba6 13.Rac1 c5 14.Rfd1 Rc8 15.Na4 
cxd4 16.Nxd4 Ne5 17.Rxc8 Bxc8 18.Qe2 Bd7 19.Nb5 Qb8 20.Nb6 Bc6 21.a4 Ned7 
22.Nd5 Nxd5 23.exd5 Bxb5 24.Qxb5 Nc5 25.Bc4 Qxb5 26.Bxb5 Bxb2 27.Bd2 Nb3 
28.Be1 Rc8 29.Bc6 Nd4 30.Rb1 Nxc6 31.Rxb2 Ne5 32.Rb1 Rc5 33.Kf1 Rxd5 34.
Rb7 Kf8 35.Bc3 f6 36.Ke2 Rc5 37.Kd2 Rc4 38.f4 Rxf4 39.Bxa5 Nc4+ 0-1

[Event "16th Unive op"]
[Site "Hoogeveen NED"]
[Date "2012.10.26"]
[Round "8.15"]
[White "Van Foreest, Lucas"]
[Black "l`Ami, Alina"]
[Result "1/2-1/2"]
[WhiteElo "1952"]
[BlackElo "2376"]
[EventDate "2012.10.19"]
[PlyCount "107"]

1.d4 Nf6 2.c4 g6 3.Nc3 Bg7 4.e4 d6 5.Nf3 O-O 6.Be2 Bg4 7.O-O Nfd7 8.Be3 c5
9.Qd2 Bxf3 10.Bxf3 Nc6 11.dxc5 dxc5 12.Rfd1 Nd4 13.Be2 Ne5 14.b4 b6 15.
bxc5 bxc5 16.Bh6 Bxh6 17.Qxh6 Qa5 18.Rdc1 Rab8 19.Bf1 e6 20.f4 Ng4 21.Qh3 
f5 22.exf5 exf5 23.Rab1 Qa3 24.Qd3 Rb2 25.Na4 Qxd3 26.Bxd3 Rxa2 27.Nxc5 
Ne3 28.Bf1 Rc8 29.Nd3 Rxc4 30.Rxc4 Nxc4 31.Rb4 Ne3 32.Rxd4 Ra1 33.Kf2 Nxf1
34.h3 Nd2 35.Nc5 Ra2 36.Ke3 Nf1+ 37.Kf3 a5 38.Rd8+ Kf7 39.Rd7+ Kf6 40.Rd6+
Ke7 41.Rd7+ Ke8 42.Rxh7 a4 43.Ra7 a3 44.Nb3 Kd8 45.g4 Rb2 46.Rxa3 Rxb3+ 
47.Rxb3 Nd2+ 48.Kg3 Nxb3 49.Kh4 fxg4 50.hxg4 Ke7 51.Kg5 Kf7 52.f5 gxf5 53.
Kxf5 Nd4+ 54.Ke5 1/2-1/2

[Event "16th Unive op"]
[Site "Hoogeveen NED"]
[Date "2012.10.26"]
[Round "8.16"]
[White "Kollen, Zyon"]
[Black "Vedder, Henk"]
[Result "1/2-1/2"]
[WhiteElo "2174"]
[BlackElo "2378"]
[EventDate "2012.10.19"]
[PlyCount "83"]

1.e4 e6 2.d4 d5 3.Nd2 c5 4.exd5 exd5 5.Ngf3 Nc6 6.Be2 Bf5 7.dxc5 Bxc5 8.
Nb3 Bd6 9.c3 Nge7 10.Be3 O-O 11.Qd2 Re8 12.Nbd4 Be4 13.O-O Ng6 14.Rad1 
Nxd4 15.Qxd4 Nf4 16.Bxf4 Bxf4 17.Nd2 Qh4 18.g3 Qh3 19.Nxe4 Rxe4 20.Qd3 Bc7
21.Qf3 Qe6 22.Bd3 Re5 23.Bc2 Bb6 24.Rd2 Re8 25.Bb3 Rf5 26.Qd1 Qf6 27.Bxd5 
h5 28.c4 h4 29.Re2 Rd8 30.Qe1 g6 31.Re8+ Rxe8 32.Qxe8+ Kg7 33.Qe2 Qd4 34.
Kg2 Re5 35.Qf3 Rf5 36.Qc3 Qxc3 37.bxc3 Bc5 38.Bxb7 h3+ 39.Kxh3 Rxf2 40.Rd1
Rxa2 41.Rd7 Re2 42.Rc7 1/2-1/2

[Event "16th Unive op"]
[Site "Hoogeveen NED"]
[Date "2012.10.26"]
[Round "8.17"]
[White "Piasetski, Leon David"]
[Black "Padurariu, Ioana-Smaranda"]
[Result "1-0"]
[WhiteElo "2298"]
[BlackElo "2236"]
[EventDate "2012.10.19"]
[PlyCount "85"]

1.Nf3 Nf6 2.c4 e6 3.g3 d5 4.Bg2 Be7 5.O-O O-O 6.d4 Nc6 7.b3 b6 8.Bb2 Bb7 
9.Nbd2 Ne4 10.Rc1 f5 11.Ne1 a5 12.a3 Bf6 13.cxd5 exd5 14.Ndf3 Rc8 15.Nd3 
Re8 16.Qc2 Na7 17.b4 axb4 18.axb4 Nb5 19.Qa4 Ra8 20.Qb3 Nbd6 21.Rfd1 Nc4 
22.Nfe5 b5 23.f3 Ned6 24.Nc5 Qc8 25.f4 Nxb2 26.Qxb2 Nc4 27.Nxc4 bxc4 28.
Rxc4 dxc4 29.Bxb7 Qd8 30.Qc3 Kh8 31.Bxa8 Qxa8 32.Qxc4 Qa3 33.Kf1 Qe3 34.d5
h5 35.Ne6 h4 36.Qd3 Rxe6 37.dxe6 Qxe6 38.Qd5 Qe3 39.Qxf5 hxg3 40.Qh3+ Kg8 
41.hxg3 Qe4 42.b5 Bd4 43.Qg2 1-0

[Event "16th Unive op"]
[Site "Hoogeveen NED"]
[Date "2012.10.26"]
[Round "8.18"]
[White "Johansson, Linus"]
[Black "Grant, Jonathan"]
[Result "1/2-1/2"]
[WhiteElo "2287"]
[BlackElo "2217"]
[EventDate "2012.10.19"]
[PlyCount "70"]

1.d4 Nf6 2.c4 e6 3.Nc3 Bb4 4.e3 O-O 5.Bd3 c5 6.Nf3 d5 7.O-O cxd4 8.exd4 
dxc4 9.Bxc4 b6 10.Bg5 Bb7 11.Qe2 Bxc3 12.bxc3 Nbd7 13.Ne5 Qc7 14.Nxd7 Qxd7
15.Bxf6 gxf6 16.Rac1 Kh8 17.Bd3 Rg8 18.Be4 Rg5 19.f3 Ra5 20.Bxb7 Qxb7 21.
c4 Rd8 22.Rfd1 Qa6 23.Rc2 Kg7 24.h3 b5 25.c5 Qc6 26.Qe1 Ra4 27.Qg3+ Kh8 
28.Qh4 e5 29.Rcd2 Rdxd4 30.Rxd4 exd4 31.Kh1 Kg7 32.Rxd4 Qxc5 33.Qg4+ Qg5 
34.Rxa4 bxa4 35.Qxa4 a5 1/2-1/2

[Event "16th Unive op"]
[Site "Hoogeveen NED"]
[Date "2012.10.26"]
[Round "8.19"]
[White "Vedder, Richard"]
[Black "Vos, Tjark"]
[Result "1-0"]
[WhiteElo "2267"]
[BlackElo "2003"]
[EventDate "2012.10.19"]
[PlyCount "93"]

1.e4 c6 2.d4 d5 3.e5 Bf5 4.Nf3 e6 5.Be2 c5 6.c3 Nc6 7.O-O Nge7 8.dxc5 Ng6 
9.Qa4 Bxc5 10.Nbd2 O-O 11.g4 Be4 12.Nxe4 dxe4 13.Qxe4 Qc7 14.Bd3 Ncxe5 15.
Nxe5 Qxe5 16.Qxb7 f5 17.gxf5 exf5 18.Bc4+ Kh8 19.Qd5 Qe7 20.b4 Bb6 21.Ba6 
Rad8 22.Qf3 Ne5 23.Qe2 f4 24.Kh1 Rd6 25.f3 Qg5 26.a4 Rg6 27.Bd2 Rh6 28.a5 
Bc7 29.Bb7 Rff6 30.Rf2 Rh4 31.Rg1 Qh5 32.c4 Rh6 33.Bc3 Rh3 34.Re1 Qh4 35.
Rg2 Rh5 36.Rf1 h6 37.Kg1 Rg3 38.Kh1 Rhg5 39.Rgf2 Qh5 40.Be4 Nf7 41.c5 Qh3 
42.Qb5 Nd6 43.cxd6 Rxb5 44.dxc7 Qc8 45.Rd2 Qxc7 46.hxg3 fxg3 47.Rfd1 1-0

[Event "16th Unive op"]
[Site "Hoogeveen NED"]
[Date "2012.10.26"]
[Round "8.20"]
[White "Sadallah, Osama"]
[Black "Lindgren, Philip"]
[Result "0-1"]
[WhiteElo "2126"]
[BlackElo "2265"]
[EventDate "2012.10.19"]
[PlyCount "56"]

1.Nf3 d5 2.d4 Nf6 3.c4 c6 4.cxd5 cxd5 5.Nc3 Nc6 6.Bf4 a6 7.Ne5 Qb6 8.Nxc6 
bxc6 9.Qd2 Nh5 10.e3 Nxf4 11.exf4 Rb8 12.Rb1 g6 13.Bd3 Qxd4 14.Qe2 Bg7 15.
O-O Qxf4 16.Bxa6 Bg4 17.Qc2 O-O 18.Ne2 Qd6 19.b4 Bf5 20.Bd3 Bxd3 21.Qxd3 
Rxb4 22.Rxb4 Qxb4 23.Rb1 Qa5 24.Qb3 Ra8 25.Ra1 Qd2 26.Qc2 Rxa2 27.Qxd2 
Rxd2 28.Ng3 Bd4 0-1

[Event "16th Unive op"]
[Site "Hoogeveen NED"]
[Date "2012.10.26"]
[Round "8.21"]
[White "Heemskerk, Wim"]
[Black "Lee, Kai Jie Edward"]
[Result "1-0"]
[WhiteElo "2254"]
[BlackElo "2143"]
[EventDate "2012.10.19"]
[PlyCount "85"]

1.d4 Nf6 2.c4 e6 3.g3 d5 4.Nf3 Bb4+ 5.Bd2 Be7 6.Bg2 c6 7.Qc2 Nbd7 8.O-O 
O-O 9.Bf4 b6 10.Nc3 Nh5 11.Bc1 f5 12.a4 Ba6 13.b3 Rc8 14.Qa2 Re8 15.Bb2 
Qc7 16.Rfd1 Bb4 17.e3 Nhf6 18.Rac1 Qb8 19.Bf1 Bb7 20.cxd5 exd5 21.Ne2 Bd6 
22.Ne1 Ne4 23.Nd3 Qc7 24.b4 Ndf6 25.Bg2 Qe7 26.Qb3 Kh8 27.Bc3 Ng4 28.Be1 
Nh6 29.f3 Nf6 30.Bf2 g5 31.Rb1 Nf7 32.Nc3 Kg7 33.Re1 g4 34.e4 fxe4 35.fxe4
dxe4 36.Nxe4 Nxe4 37.Rxe4 Qd7 38.Ne5 Nxe5 39.dxe5 Be7 40.e6 Qd8 41.Rd1 Bd6
42.Rxg4+ Kf6 43.Bd4+ 1-0

[Event "16th Unive op"]
[Site "Hoogeveen NED"]
[Date "2012.10.26"]
[Round "8.22"]
[White "Schoehuys, Erik"]
[Black "Timmermans, Ivo"]
[Result "1-0"]
[WhiteElo "2123"]
[BlackElo "2254"]
[EventDate "2012.10.19"]
[PlyCount "113"]

1.d4 d5 2.c4 c6 3.Nc3 Nf6 4.e3 g6 5.Nf3 Bg7 6.Bd3 O-O 7.O-O Bg4 8.h3 Bxf3 
9.Qxf3 Qd6 10.Bd2 Nbd7 11.cxd5 cxd5 12.Qe2 a6 13.Rfd1 e5 14.dxe5 Nxe5 15.
Bc2 Rfe8 16.Be1 Nc6 17.Bb3 d4 18.Qc4 Re7 19.exd4 Rae8 20.Qc5 Qf4 21.d5 Ne5
22.Qe3 Qf5 23.d6 Rd7 24.Nd5 Nxd5 25.Rxd5 Re6 26.Rad1 Nc6 27.Qc5 Re5 28.Bc3
Rxd5 29.Rxd5 Qe4 30.Bxg7 Kxg7 31.Bd1 Qb1 32.Qc3+ Kg8 33.Kh2 Qxa2 34.Bf3 
Qa4 35.Qe3 Kg7 36.Qc3+ Kg8 37.Qf6 Qc4 38.h4 h5 39.g3 Qc2 40.Bxh5 Qe4 41.
Bf3 Qe6 42.Qf4 f6 43.Rd1 Kg7 44.Bxc6 bxc6 45.Kg2 a5 46.Qd4 Kf7 47.Qc5 Qe4+
48.Kh2 Qe2 49.Qd4 Qe5 50.Qc4+ Qe6 51.Qxc6 Kg7 52.b3 g5 53.hxg5 fxg5 54.Qd5
Qg6 55.Qe5+ Kg8 56.Kg2 g4 57.Rd4 1-0

[Event "16th Unive op"]
[Site "Hoogeveen NED"]
[Date "2012.10.26"]
[Round "8.24"]
[White "Lesman, Francis"]
[Black "Van der Poel, Henk"]
[Result "0-1"]
[WhiteElo "2100"]
[BlackElo "2306"]
[EventDate "2012.10.19"]
[PlyCount "80"]

1.d4 Nf6 2.c4 e6 3.Nf3 b6 4.g3 Ba6 5.Nbd2 Bb4 6.Qb3 c5 7.Bg2 Nc6 8.O-O O-O
9.a3 Bxd2 10.Bxd2 cxd4 11.Bb4 Re8 12.Rad1 Rc8 13.Nxd4 Nxb4 14.axb4 Bxc4 
15.Qa3 Qe7 16.Rfe1 a5 17.b3 Bd5 18.e4 Bc6 19.Ra1 axb4 20.Qa7 Qc5 21.Nxc6 
Qxc6 22.Qa4 Qc5 23.h3 d6 24.Rec1 Qxc1+ 25.Rxc1 Rxc1+ 26.Kh2 Rc5 27.Qxb4 b5
28.Qd4 Rd8 29.Bf1 e5 30.Qe3 h6 31.b4 Rc2 32.Bxb5 Rdc8 33.Bd3 Rb2 34.Qe1 d5
35.Kg2 dxe4 36.Bxe4 Rc4 37.Qa1 Rcxb4 38.Bd5 Rb8 39.Bc4 Ne4 40.Qa7 Rxf2+ 
0-1

[Event "16th Unive op"]
[Site "Hoogeveen NED"]
[Date "2012.10.26"]
[Round "8.25"]
[White "Henseler, Jorgen"]
[Black "Veinberg, Nimrod"]
[Result "1/2-1/2"]
[WhiteElo "2062"]
[BlackElo "2170"]
[EventDate "2012.10.19"]
[PlyCount "149"]

1.e4 e5 2.Nf3 Nc6 3.Bc4 Bc5 4.b4 Bb6 5.a4 a5 6.b5 Nd4 7.Nxd4 Bxd4 8.c3 Bb6
9.d4 exd4 10.cxd4 Nf6 11.Nc3 Nxe4 12.Bxf7+ Kxf7 13.Nxe4 Re8 14.Qf3+ Qf6 
15.Be3 Qxf3 16.Ng5+ Kf6 17.Nxf3 c6 18.Rb1 Bc7 19.O-O d5 20.bxc6 bxc6 21.
Rfc1 Ra6 22.h3 h5 23.Bg5+ Kg6 24.Be3 Bd6 25.Bd2 Kf7 26.Ng5+ Kf6 27.Nf3 Bf5
28.Rb7 Re2 29.Re1 Rxe1+ 30.Nxe1 g5 31.Kf1 Bc8 32.Rb3 Ra7 33.Ke2 Ba6+ 34.
Kd1 Bc7 35.Rf3+ Kg6 36.Re3 Bc4 37.Kc2 Bb6 38.Nf3 Kf6 39.g4 Bf1 40.Re5 Bxh3
41.Bxg5+ Kg6 42.gxh5+ Kg7 43.Be3 Bd8 44.Ng5 Bxg5 45.Rxg5+ Kh7 46.Kc3 Rb7 
47.Rg6 Bd7 48.Rd6 Be8 49.h6 Rb4 50.Rd8 Bf7 51.Rd7 Kg6 52.Rc7 c5 53.dxc5 
Rxa4 54.Bd4 Ra3+ 55.Kb2 Rf3 56.Be3 d4 57.Bxd4 Kxh6 58.Be3+ Kg6 59.Ra7 Kf6 
60.Rxa5 Ke5 61.Ra6 Bd5 62.Kc3 Rf7 63.Bd4+ Ke4 64.Rd6 Rf3+ 65.Be3 Rf7 66.
Rh6 Rb7 67.Rb6 Rxb6 68.cxb6 Bb7 69.Kc4 Ke5 70.f4+ Ke6 71.Bd4 Ba8 72.Be5 
Bb7 73.Kd4 Ba8 74.Ke3 Kf5 75.Kd4 1/2-1/2

[Event "16th Unive op"]
[Site "Hoogeveen NED"]
[Date "2012.10.26"]
[Round "8.26"]
[White "Van der Lende, Ilias"]
[Black "Hendriks, Richard V"]
[Result "1-0"]
[WhiteElo "2169"]
[BlackElo "2123"]
[EventDate "2012.10.19"]
[PlyCount "55"]

1.e4 c5 2.c3 g6 3.d4 cxd4 4.cxd4 d5 5.e5 Nc6 6.Nc3 Bg7 7.h3 a6 8.f4 h5 9.
Be2 Bf5 10.Bf3 e6 11.Nge2 h4 12.O-O b5 13.Be3 Nge7 14.Qd2 Nc8 15.Rfc1 Na5 
16.b3 Bf8 17.Qb2 Nb6 18.Bf2 g5 19.Nd1 Rg8 20.Qd2 Nc8 21.fxg5 Ba3 22.Ne3 
Bxc1 23.Rxc1 Ne7 24.Nf4 Rxg5 25.Bxh4 Rg8 26.Bxe7 Qxe7 27.Nxf5 exf5 28.Nxd5
1-0

[Event "16th Unive op"]
[Site "Hoogeveen NED"]
[Date "2012.10.26"]
[Round "8.27"]
[White "Haver, Daan"]
[Black "Van der Raaf, Erik"]
[Result "0-1"]
[WhiteElo "1985"]
[BlackElo "2163"]
[EventDate "2012.10.19"]
[PlyCount "68"]

1.e4 c5 2.Nf3 e6 3.d4 cxd4 4.Nxd4 Nf6 5.Nc3 Nc6 6.Ndb5 Bb4 7.Nd6+ Ke7 8.
Bf4 e5 9.Nf5+ Kf8 10.Bd2 g6 11.Bh6+ Kg8 12.Qd3 d5 13.O-O-O Bxc3 14.bxc3 
Bxf5 15.exf5 Qa5 16.c4 Rd8 17.Bg5 dxc4 18.Qxd8+ Nxd8 19.Bxf6 Qa3+ 20.Kb1 
Qb4+ 21.Ka1 Qc3+ 22.Kb1 Qb4+ 23.Ka1 Nc6 24.Be2 Nd4 25.Rxd4 exd4 26.Rd1 
Qc3+ 27.Kb1 Qb4+ 28.Ka1 c3 29.Rb1 Qd6 30.Bxh8 Kxh8 31.Rxb7 Qxh2 32.f6 h5 
33.a4 Qxg2 34.Rxf7 Qh1+ 0-1

[Event "16th Unive op"]
[Site "Hoogeveen NED"]
[Date "2012.10.26"]
[Round "8.28"]
[White "Vogel, Jaap"]
[Black "Klomp, Robert"]
[Result "1-0"]
[WhiteElo "2158"]
[BlackElo "2119"]
[EventDate "2012.10.19"]
[PlyCount "80"]

1.d4 d5 2.Nf3 Nf6 3.c4 c6 4.e3 Bg4 5.Nc3 e6 6.Qb3 Qb6 7.h3 Bf5 8.c5 Qc7 9.
Qa4 Nbd7 10.b4 Be7 11.Be2 O-O 12.b5 Ne4 13.Nxe4 Bxe4 14.Bb2 Bf6 15.Rc1 
Rfe8 16.O-O e5 17.Rfd1 h6 18.Bc3 exd4 19.exd4 Nf8 20.Bd2 g5 21.Be3 Bg7 22.
Nd2 Bg6 23.Nb3 f5 24.Re1 f4 25.Bd2 h5 26.bxc6 bxc6 27.Na5 Re6 28.Bf3 Rae8 
29.Rxe6 Rxe6 30.Re1 Rxe1+ 31.Bxe1 Kh7 32.Bc3 g4 33.hxg4 hxg4 34.Bxg4 Be8 
35.Qc2+ Kg8 36.Nb3 Qe7 37.Qe2 Qh4 38.Qf3 Bd7 39.Bxd7 Nxd7 40.Bd2 Bh6 1-0

[Event "16th Unive op"]
[Site "Hoogeveen NED"]
[Date "2012.10.26"]
[Round "8.29"]
[White "Baskin, Robert"]
[Black "Kasparova, Tatiana"]
[Result "1/2-1/2"]
[WhiteElo "2071"]
[BlackElo "2126"]
[EventDate "2012.10.19"]
[PlyCount "49"]

1.e4 c6 2.d4 d5 3.Nc3 dxe4 4.Nxe4 Bf5 5.Ng3 Bg6 6.h4 h6 7.Nf3 Nd7 8.h5 Bh7
9.Bd3 Bxd3 10.Qxd3 e6 11.Bd2 Ngf6 12.O-O-O Be7 13.Qe2 O-O 14.Rhe1 a5 15.
Ne5 Bb4 16.c3 Bd6 17.Ne4 Nxe4 18.Qxe4 Bxe5 19.dxe5 Nc5 20.Qg4 Nd3+ 21.Kb1 
Nxf2 22.Qg3 Qd3+ 23.Qxd3 Nxd3 24.Re2 c5 25.Bxh6 1/2-1/2

[Event "16th Unive op"]
[Site "Hoogeveen NED"]
[Date "2012.10.26"]
[Round "8.31"]
[White "Potze, Rudolf"]
[Black "Go, Benjamin"]
[Result "0-1"]
[WhiteElo "2124"]
[BlackElo "2175"]
[EventDate "2012.10.19"]
[PlyCount "68"]

1.e4 d6 2.d4 Nf6 3.Nc3 g6 4.Nf3 Bg7 5.h3 O-O 6.Be3 Nc6 7.Qd2 e5 8.O-O-O 
exd4 9.Nxd4 Nxd4 10.Bxd4 c6 11.Be3 d5 12.exd5 cxd5 13.Bc5 Be6 14.Bxf8 Qxf8
15.Kb1 Rc8 16.Bd3 Qb4 17.Nb5 Qa4 18.b3 Qa6 19.Qb4 Qb6 20.Qd4 Qd8 21.Qxa7 
d4 22.Rhe1 Nd5 23.Rxe6 fxe6 24.Qxb7 Rb8 25.Qc6 Rb6 26.Qc5 Rxb5 27.Bxb5 
Nc3+ 28.Kc1 Bh6+ 29.Rd2 Bxd2+ 30.Kb2 Nxb5 31.Qxb5 Bc3+ 32.Kb1 Qf8 33.Qd7 
Qxf2 34.Qxe6+ Kg7 0-1

[Event "16th Unive op"]
[Site "Hoogeveen NED"]
[Date "2012.10.26"]
[Round "8.32"]
[White "Kazarian, Anna-Maja"]
[Black "Ritsema, Ronald JE"]
[Result "1/2-1/2"]
[WhiteElo "1864"]
[BlackElo "2058"]
[EventDate "2012.10.19"]
[PlyCount "36"]

1.e4 e6 2.d4 d5 3.exd5 exd5 4.c4 Bb4+ 5.Nc3 Ne7 6.Bd3 Nbc6 7.Ne2 O-O 8.
cxd5 Nxd5 9.O-O Bg4 10.Qb3 Be6 11.Qc2 h6 12.Nxd5 Bxd5 13.Be3 Bd6 14.a3 Re8
15.Nc3 Bxh2+ 16.Kxh2 Qh4+ 17.Kg1 Bxg2 18.Kxg2 Qg4+ 1/2-1/2